00253nam a2200085Ia 4500008004100000082002300041100001100064245006700075260002500142220204s9999 xx 000 0 und d a621.3.04(035)bLEN aJohn D 0aHandbook of integrated circuits: For engineers and technicians aRestonbRestonc1978